| 000 | 00468nam a2200169 a 4500 | ||
|---|---|---|---|
| 005 | 20140310183138.0 | ||
| 008 | 020820s19uu xx 00 eng d | ||
| 050 |
_aKF 889 _b.R68 1997 |
||
| 100 | _aRoszkowski, Mark E. | ||
| 245 |
_aBusiness law : _bprinciples cases and policy / _cMark E. Roszkowski. |
||
| 300 |
_a247 p. : _bcol. ill. ; _c28 cm. |
||
| 521 | _aBSBA | ||
| 650 | _aCommercial law | ||
| 650 | _aBusiness law | ||
| 942 |
_cBK _2lcc _kFOR |
||
| 999 |
_c19325 _d19325 |
||